| 000 | 00711nam a22002177a 4500 | ||
|---|---|---|---|
| 003 | OSt | ||
| 005 | 20180108153945.0 | ||
| 008 | 180108s2013 sp a | ||||o000 0 spa d | ||
| 017 |
_aM 30697-2013 _bOficina Depósito Legal Madrid |
||
| 020 | _a9788488788894 | ||
| 040 |
_aES-BaCBU _bcat _cCDMR |
||
| 100 | 1 | _aBenítez, Anto J. | |
| 245 | 1 | 0 |
_aRealización de deportes en televisión _c/ Anto J. Benítez |
| 260 |
_aMadrid : _bInstituto RTVE, _cD.L. 2013 |
||
| 300 |
_a531 p. _b :il., gràf. ; _c25 cm |
||
| 504 | _aBibliografia: p. 521-531 | ||
| 650 | 0 | 4 |
_aTelevisió _xProducció i direcció _9433 |
| 650 | 0 | 7 |
_aTelevisió _xProgrames esportius _2lemac _9597 |
| 650 | 7 |
_aTelevisió i esports _2lemac |
|
| 942 | _cMON | ||
| 999 |
_c7098 _d7098 |
||